000 00879nas a2200277 4500
001 BR8805535
003 BR-BrBNA
005 20231205091315.0
007 ta
008 230509b bl.|||p| |||| 00| 00por d
040 _aBR-BrBNA
_bpor
_cBiblioteca Nacional de Agricultura
041 _a(Pt)
072 _aL74
100 1 _aVitti, D.M.S.S.
100 1 _aAbdalla, A.L.
100 1 _aSilva Filho, J.C. da
100 1 _aAmbrosano, E.J.
245 1 _aMetodos para o diagnostico da deficiencia de fosforo em ruminantes
246 1 _aMethods for the diagnosis of phosphorus deficiency in ruminants
650 _aRUMINANTE
650 _aFOSFORO
650 _aDEFICIENCIA NUTRICIONAL
773 0 _tPesquisa Agropecuaria Brasileira (Brazil)
_xISSN 0100-204X
_g(Jun 1988), v. 26(6) p. 645-651
_wBR8805535
909 _a202311
_bLúcia
_c55
_dLúcia Elande
942 _2AGRIS
_n0
_cANA
999 _c124258
_d124258